000 00788nam a2200241Ia 4500
003 OSt
005 20221005112625.0
006 a|||||r|||| 00| 0
007 ta
008 221004b |||||||| |||| 00| 0 pan d
020 _c100
024 _a94577
037 _b217, 01/01/2009, H.K. Prakashan
_cTextual
040 _aCRL
_cCRL
_bpan
041 _2pan
_apan
082 _aQ8441:21:g, 153P6
100 _aਮਨਜੀਤ ਕੌਰ
245 0 _aਗੁਰਮਤਿ ਕਾਵਿ ਦੇ ਪ੍ਰਸੰਗ
260 _aਜਲੰਦਰ
_bਸੁੰਦਰ ਬੁਕ ਡਿਪੋ ਭਾਰਤ
_c2006
300 _a99ਪੰ
_ccm.
942 _hQ8441:21:g, 153P6
_cTEXL
_2cc
999 _c1025443
_d1025443